| 000 | 00398cam a22001217a 4500 | ||
|---|---|---|---|
| 008 | 180718b1978 xxu||||| |||| 00| 0 eng d | ||
| 082 | _aA81x54 In2/71/10/PT9 | ||
| 100 | _aCensus of India 1971 | ||
| 245 | _aMadhya Pradesh: census atlas | ||
| 260 |
_aBhopal _bOffice of the Director of Census Operations _c1978 |
||
| 300 | _a200+p. | ||
| 440 | _aCensus of India 1971. Series-10, Madhya Pradesh. Part IX | ||
| 999 |
_c485222 _d485222 |
||